Taylor swift most popular songs - Statistics

General Stats
  • This quiz has been taken 53 times
  • The average score is 5 of 12
Answer Stats
Answer % Correct
shake it off
95%
cruel summer
73%
lover
63%
bad blood
60%
look what you made me do
50%
me
43%
22
35%
all too well
35%
you need to calm down
33%
willow
30%
mean
20%
end game
13%
No matching quizzes found
Score Distribution
Percent of People with Each Score
Percentile by Number Answered
Your Score History
You have not taken this quiz